00619 2200217 4500001002100000005001700021008004100038035002400079040001200103082001000115090001700125100002900142245011100171250001100282260002600293300002700319650002000346700001300366850001200379999001000391YOGYA-0612000000033320120605183506.0 ind  0010-061200000000331 aYOPDYOG a791.5 a791.5bWir L aWIROPRAMUJO, U.J. Katijo aLampahan bratajuda rubuhanbpejahipun Suyudanackacariyosaken dening U.J. Katijo Wiropramujo lan Kamadjaya aCet. 1 aJakartabPusakac1959 a... jilidbilusc18 cm aWayang - Cerita aKamajaya aYOPDYOG a580-a